| 000 | 00712nam a2200229Ia 4500 | ||
|---|---|---|---|
| 003 | GCL | ||
| 005 | 20240530103709.0 | ||
| 008 | 140319s9999 xx 000 0 ara d | ||
| 040 |
_aGCL / _cGCL |
||
| 082 | 0 | 4 |
_a414 _bم م |
| 100 | 1 | _aمحمد بركات حمدى ابو على | |
| 245 | 1 | 0 |
_aمفهوم المعنى بين الأدب والبلاغة / _cمحمد بركات حمدى ابو على |
| 260 |
_aعمان : _bدار البشير ، _c1988 |
||
| 300 |
_a164ص؛ _b24 سم |
||
| 490 |
_aكتاب _v0 |
||
| 650 | 0 | 4 | _aاللغة العربية |
| 650 | 0 | 4 | _aالبلاغة العربية |
| 650 | 0 | 4 | _aالبديع |
| 650 | 0 | 4 | _aالبابليون |
| 650 | 0 | 4 | _aالبيان |
| 942 |
_2ddc _cBK |
||
| 999 |
_c41767 _d41767 |
||